000 00268nam a22001217a 4500
008 170221b xxu||||| |||| 00| 0 alb d
041 _aalb
080 _a615
100 _a5
101 _aSHF
245 _aKLASIFIKIMI NDERKOMBTAR I BARNAVE
_cGASHI, Z
942 _2udc
_cBK
999 _c5938
_d5938